|
|
|
|
| LEADER |
01414nam a22003614a 4500 |
| 001 |
35275 |
| 003 |
BD-DhAAL |
| 005 |
20190905103346.0 |
| 008 |
020531s2003 enka b 001 0 eng |
| 999 |
|
|
|c 41119
|d 41119
|
| 010 |
|
|
|a 2002073457
|
| 020 |
|
|
|a 0521670454
|
| 020 |
|
|
|a 9780521670456
|
| 020 |
|
|
|a 0521816580 (hbk.)
|
| 020 |
|
|
|a 0521016878 (pbk.)
|
| 040 |
|
|
|a DLC
|c DLC
|d DLC
|d BD-DhAAL
|
| 042 |
|
|
|a pcc
|
| 050 |
0 |
0 |
|a QA371
|b .K52 2003
|
| 082 |
0 |
0 |
|a 515.35
|2 21
|
| 100 |
1 |
|
|a King, A. C.
|9 34017
|
| 245 |
1 |
0 |
|a Differential equations :
|b linear, nonlinear, ordinary, partial /
|c A.C. King, J. Billingham, and S.R. Otto.
|
| 260 |
|
|
|a Cambridge ;
|a New York :
|b Cambridge University Press,
|c c2003 [reprinted 2005]
|
| 300 |
|
|
|a xi, 541 pages :
|b illustrations ;
|c 26 cm.
|
| 504 |
|
|
|a Includes bibliographical references (pages 534-535) and index.
|
| 526 |
|
|
|a BIED
|
| 541 |
|
|
|a Complimentary copy from BIED
|e 35275
|
| 650 |
|
0 |
|a Differential equations.
|9 34018
|
| 650 |
|
0 |
|a Mathematics.
|9 34019
|
| 700 |
1 |
|
|a Billingham, J.
|9 34020
|
| 700 |
1 |
|
|a Otto, S. R.
|q (Stephen Robert)
|9 34021
|
| 852 |
|
|
|a Ayesha Abed Library
|c General Stacks
|
| 942 |
|
|
|2 ddc
|c BK
|
| 952 |
|
|
|0 0
|1 0
|2 ddc
|4 0
|6 515_350000000000000_KIN
|7 0
|9 66145
|a BRACUL
|b BRACUL
|c GEN
|d 2019-09-05
|e Complimentary copy from BIED
|l 2
|m 14
|o 515.35 KIN
|p 3010035275
|q 2026-06-02
|r 2026-01-18
|s 2026-01-18
|t 1
|w 2019-09-05
|y BK
|x Transferred from BIED to General Stacks
|